| 000 | 01268cam a2200361 a 4500 | ||
|---|---|---|---|
| 001 | data | ||
| 005 | 20260322212115.0 | ||
| 008 | data | ||
| 035 | _a12586937 | ||
| 906 |
_a7 _bcbc _corigres _d2 _encip _f20 _gy-gencatlg |
||
| 925 | 0 |
_aacquire _b1 shelf copy _xpolicy default |
|
| 955 | _exj06 2008-11-25 to Dewey | ||
| 010 | _a 2002380085 | ||
| 020 |
_a3530421618 _qhd. bd. |
||
| 020 |
_a9783530421613 _qhd. bd. |
||
| 040 |
_aOHX _cOHX _dDLC _dOCLCQ _dNOC _dOCLCQ _dOCLCG _dDLC |
||
| 050 | 0 | 0 |
_aBL313 _b.R46 2001 |
| 100 | 1 |
_aRenggli, Franz, _d1942- |
|
| 245 | 1 | 4 |
_aDer Ursprung der Angst : _bantike Mythen und das Trauma der Geburt / _cFranz Renggli ; mit einem Vorwort von Ludwig Janus. |
| 260 |
_aDüsseldorf : _bWalter, _cc2001. |
||
| 300 |
_a284 p. : _b1 map ; _c22 cm. |
||
| 336 |
_atext _btxt _2rdacontent |
||
| 337 |
_aunmediated _bn _2rdamedia |
||
| 338 |
_avolume _bnc _2rdacarrier |
||
| 504 | _aIncludes bibliographical references (p. 267-280) and index. | ||
| 650 | 0 | _aMythology. | |
| 650 | 0 |
_aFear _xMythology. |
|
| 650 | 0 |
_aChildbirth _xMythology. |
|
| 923 |
_d20011102 _n0157021 _s93001286 |
||
| 985 | _eVENDOR LOAD | ||
| 999 |
_c1741 _d1741 |
||